correlation between core self-evaluation traits and psychosocial well-being among students in public universities in the upper eastern region of kenya (Record no. 22873)

MARC details
000 -LEADER
fixed length control field 00675nam a22001937a 4500
003 - CONTROL NUMBER IDENTIFIER
control field OSt
005 - DATE AND TIME OF LATEST TRANSACTION
control field 20260521145910.0
008 - FIXED-LENGTH DATA ELEMENTS--GENERAL INFORMATION
fixed length control field 260521b |||||||| |||| 00| 0 eng d
040 ## - CATALOGING SOURCE
Transcribing agency Chuka
050 ## - LIBRARY OF CONGRESS CALL NUMBER
Classification number THE BF 636
Item number .M33 2024
100 ## - MAIN ENTRY--PERSONAL NAME
Personal name Joyce mghoi macharia
9 (RLIN) 26404
245 ## - TITLE STATEMENT
Title correlation between core self-evaluation traits and psychosocial well-being among students in public universities in the upper eastern region of kenya
260 ## - PUBLICATION, DISTRIBUTION, ETC.
Place of publication, distribution, etc. chuka,kenya
Name of publisher, distributor, etc. chuka university
Date of publication, distribution, etc. 2024
300 ## - PHYSICAL DESCRIPTION
Extent 156p
650 ## - SUBJECT ADDED ENTRY--TOPICAL TERM
Topical term or geographic name entry element 1. well-being psychological aspects
9 (RLIN) 26405
650 ## - SUBJECT ADDED ENTRY--TOPICAL TERM
Topical term or geographic name entry element 2. self-evaluation
9 (RLIN) 26406
650 ## - SUBJECT ADDED ENTRY--TOPICAL TERM
Topical term or geographic name entry element 3. educational psychology
9 (RLIN) 26407
942 ## - ADDED ENTRY ELEMENTS (KOHA)
Source of classification or shelving scheme Library of Congress Classification
Koha item type Thesis & Dissertations
Suppress in OPAC No
Holdings
Withdrawn status Lost status Source of classification or shelving scheme Damaged status Not for loan Collection Home library Current library Shelving location Date acquired Total Checkouts Full call number Barcode Date last seen Copy number Price effective from Koha item type
    Library of Congress Classification   Not For Loan Thesis and Dissertations Main Campus Library Postgraduate Library Reference Section 21/05/2026   THE BF 636 .M33 2024 26010/2025 21/05/2026 C.1 21/05/2026 Thesis & Dissertations

Powered by Koha